Original sin / (Record no. 10952)
[ view plain ]
| 000 -LEADER | |
|---|---|
| fixed length control field | 00907fam a2200313 a 4500 |
| 001 - CONTROL NUMBER | |
| control field | 1530979 |
| 003 - CONTROL NUMBER IDENTIFIER | |
| control field | OSt |
| 005 - DATE AND TIME OF LATEST TRANSACTION | |
| control field | 20150616124027.0 |
| 008 - FIXED-LENGTH DATA ELEMENTS--GENERAL INFORMATION | |
| fixed length control field | 940607s1994 enk 000 1 eng d |
| 020 ## - INTERNATIONAL STANDARD BOOK NUMBER | |
| International Standard Book Number | 0571172539 |
| 035 ## - SYSTEM CONTROL NUMBER | |
| System control number | (OCoLC)32108614 |
| 035 ## - SYSTEM CONTROL NUMBER | |
| System control number | (OCoLC)ocm32108614 |
| 035 ## - SYSTEM CONTROL NUMBER | |
| System control number | (NNC)1530979 |
| 040 ## - CATALOGING SOURCE | |
| Original cataloging agency | NNC |
| Transcribing agency | NNC |
| 043 ## - GEOGRAPHIC AREA CODE | |
| Geographic area code | e-uk-en |
| 050 #4 - LIBRARY OF CONGRESS CALL NUMBER | |
| Classification number | PR 6060 |
| Item number | .J27 1994 |
| 082 ## - DEWEY DECIMAL CLASSIFICATION NUMBER | |
| Classification number | FIC J23o |
| Item number | 1994. |
| 100 1# - MAIN ENTRY--PERSONAL NAME | |
| Personal name | James, P. D. |
| 9 (RLIN) | 5952 |
| 245 10 - TITLE STATEMENT | |
| Title | Original sin / |
| Statement of responsibility, etc | P.D. James. |
| 260 ## - PUBLICATION, DISTRIBUTION, ETC. (IMPRINT) | |
| Place of publication, distribution, etc | London : |
| -- | Boston : |
| Name of publisher, distributor, etc | Faber and Faber, |
| Date of publication, distribution, etc | 1994. |
| 300 ## - PHYSICAL DESCRIPTION | |
| Extent | 426 p. ; |
| Dimensions | 25 cm. |
| 650 #0 - SUBJECT ADDED ENTRY--TOPICAL TERM | |
| Topical term or geographic name as entry element | Dalgliesh, Adam (Fictitious character) |
| Form subdivision | Fiction. |
| 9 (RLIN) | 18363 |
| 650 #0 - SUBJECT ADDED ENTRY--TOPICAL TERM | |
| Topical term or geographic name as entry element | Publishers and publishing |
| Geographic subdivision | England |
| -- | London |
| Form subdivision | Fiction. |
| 9 (RLIN) | 18364 |
| 650 #0 - SUBJECT ADDED ENTRY--TOPICAL TERM | |
| Topical term or geographic name as entry element | Police |
| Geographic subdivision | England |
| -- | London |
| Form subdivision | Fiction. |
| 9 (RLIN) | 18365 |
| 651 #0 - SUBJECT ADDED ENTRY--GEOGRAPHIC NAME | |
| Geographic name | London (England) |
| Form subdivision | Fiction. |
| 9 (RLIN) | 18366 |
| 942 ## - ADDED ENTRY ELEMENTS (KOHA) | |
| Source of classification or shelving scheme | Library of Congress Classification |
| Koha item type | Books |
| Withdrawn status | Lost status | Source of classification or shelving scheme | Damaged status | Home library | Current library | Shelving location | Date acquired | Total Checkouts | Full call number | Barcode | Date last seen | Copy number | Price effective from | Koha item type |
|---|---|---|---|---|---|---|---|---|---|---|---|---|---|---|
| Library of Congress Classification | Luxembourg Library | Luxembourg Library | Fiction Section | 09/12/2013 | PR 6060 .J27 1994 | 2432 | 09/12/2013 | 1 | 09/12/2013 | Books |